|
|
|
|
| LEADER |
01666nam a2200349 a 4500 |
| 001 |
17669 |
| 003 |
BD-DhAAL |
| 005 |
20140520113948.0 |
| 008 |
140520s1989 ctua b 001 0 eng |
| 010 |
|
|
|a 87010560
|
| 020 |
|
|
|a 03000433759
|
| 040 |
|
|
|a DLC
|c DLC
|d DLC
|d BD-DhAAL
|
| 050 |
0 |
0 |
|a PR116
|b .G5 1988
|
| 082 |
0 |
0 |
|a 820/.9/9287
|2 19
|
| 100 |
1 |
|
|a Gilbert, Sandra M.
|9 4530
|
| 245 |
1 |
0 |
|a No man's land, volume 2 :
|b the place of the woman writer in the twentieth century /
|c Sandra M. Gilbert and Susan Gubar.
|
| 260 |
|
|
|a New Haven :
|b Yale University Press,
|c c1989
|
| 300 |
|
|
|a 3 v. :
|b ill. ;
|c 25 cm.
|
| 504 |
|
|
|a Includes bibliography (377-436) and indexes.
|
| 505 |
0 |
|
|a v. 1. The war of the words -- v. 2. Sexchanges -- v. 3. Letters from the front.
|
| 541 |
|
|
|e 17669
|
| 650 |
|
0 |
|a English literature
|x Women authors
|x History and criticism.
|9 4548
|
| 650 |
|
0 |
|a Feminism and literature
|z English-speaking countries
|x History
|y 20th century.
|9 4549
|
| 650 |
|
0 |
|a Women and literature
|z English-speaking countries
|x History
|y 20th century.
|9 4550
|
| 650 |
|
0 |
|a English literature
|y 20th century
|x History and criticism.
|9 1192
|
| 650 |
|
0 |
|a American literature
|x Women authors
|x History and criticism.
|9 4415
|
| 650 |
|
0 |
|a American literature
|y 20th century
|x History and criticism.
|9 4551
|
| 700 |
1 |
|
|a Gubar, Susan,
|d 1944-
|9 4531
|
| 852 |
|
|
|a Ayesha Abed Library
|c General Shelf
|
| 942 |
|
|
|2 ddc
|c BK
|
| 999 |
|
|
|c 14347
|d 14347
|
| 952 |
|
|
|0 0
|1 0
|2 ddc
|4 0
|6 820_992870000000000_GIL
|7 0
|9 24327
|a BRACUL
|b BRACUL
|c GEN
|d 2014-05-20
|l 1
|m 1
|o 820.99287 GIL
|p 3010017669
|q 2026-06-17
|r 2025-10-25
|s 2025-10-25
|t 1
|w 2014-05-20
|y BK
|x Transferred from ENH to Ayesha Abed library on 20/12/2023
|